00294nam a22001097a 4500008004100000020001800041082001100059100002100070245002900091260005500120300000900175260530b |||||||| |||| 00| 0 eng d a9789381275085 a001906 aNagasampige, A V aSanskritam Visvatomukham aBangalorebPoornaprajna Samshodhana Mandiramc2011 a128p